书目信息 |
| 书名: | From abacus to Zeus | |
| 作者: | James Smith Pierce. | |
| 分册号: | ||
| 分册名: | 出版地: | Englewood Cliffs, N.J. : |
|
| 出版社: | Prentice-Hall | |
| 出版时间: | c1987. | |
| 页数: | viii, 183 p. : | |
| 开本: | 23 cm. | |
| 丛书名: | ||
| 中图分类号: | ||
| 科图分类号: | ||
| 其他分类号: | J0 | |
| 主题词: | ||
| 电子资源: | ||
| 000 | 00807pam a2200265 a 450 | |
| 001 | E0752121839 | |
| 005 | 20070429142929.64 | |
| 008 | 860520s1987 njua d 001 0 eng | |
| 010 | @a86012369 | |
| 020 | @a0133317943 (pbk.) :@c$13.95. | |
| 035 | @A(DLC) 86012369 | |
| 040 | @aDLC@cDLC@dDLC | |
| 050 | 00 | @aN33@b.P5 1987 |
| 082 | 00 | @a703@2 19 |
| 090 | @aJ0 | |
| 099 | @dJ0@ex21=3 | |
| 100 | 1 | @aPierce, James Smith. |
| 245 | 10 | @aFrom abacus to Zeus :@ba handbook of art history / @cJames Smith Pierce. |
| 250 | @a3rd ed. | |
| 260 | @aEnglewood Cliffs, N.J. :@bPrentice-Hall,@cc1987. | |
| 300 | @aviii, 183 p. :@bill. ;@c23 cm. | |
| 500 | @aIncludes index. | |
| 650 | 0 | @aArt@xDictionaries. |
| 906 | @a7@bcbc@corignew@d1@eocip@f19@gy-gencatlg | |
| 991 | @bc-GenColl@hN33@i.P5 1987@tCopy 1@wBOOKS | |
| From abacus to Zeus : : a handbook of art history / / James Smith Pierce.-3rd ed.-Englewood Cliffs, N.J. : : Prentice-Hall, , c1987. |
| viii, 183 p. : : ill. ; ; 23 cm. |
| Includes index. |
| ISBN 0133317943 (pbk.) :$13.95. |
| ● |
| 相关链接 |
|
|
|
|
正题名:From abacus to Zeus
索取号:J0/x21=3
 
预约/预借
| 序号 | 登录号 | 条形码 | 馆藏地/架位号 | 状态 | 备注 |
| 1 | 6116 | 300061162 | 第二样本阅览室/ [索取号:J0/x21=3] | 在馆 |